| 000 | 00508nam a22001457a 4500 | ||
|---|---|---|---|
| 999 |
_c511224 _d511224 |
||
| 008 | 190913b ||||| |||| 00| 0 eng d | ||
| 100 |
_aShahabuddin, Ghazala _910497 |
||
| 245 | _aThe tiger's last stand: challenges for protected area management in Sariska | ||
| 260 | _bEconomic and Political Weekly | ||
| 300 | _a54(30), 27 Jul, 2019: p.15-18. | ||
| 650 |
_aWild life conservation - India _910498 |
||
| 773 | _aEconomic and Political Weekly | ||
| 906 | _aBiological diversity - India | ||
| 942 |
_2ddc _cAR |
||